000 00591nam a2200241Ia 4500
003 OSt
005 20221006144756.0
006 a|||||r|||| 00| 0
007 ta
008 221006b |||||||| |||| 00| 0 eng d
020 _c20.00
024 _a12,678
037 _cTextual
040 _aEASL
_cEASL
_beng
041 _2eng
_aeng
082 _aV41:1942.N3, H3
100 _aVAIDYA K B
_9101992
245 0 _aSecret of Chinas resistance
260 _c1943
300 _a164p.
_ccm.
942 _hV41:1942.N3, H3
_cTEXL
_2CC
999 _c1080764
_d1080764